Krízový manažment vo verejnej správe

Bibliographic Details
Main Author: Šimák, Ladislav, 1952- (Author)
Format: Book
Language:Slovak
PhysicalDescription:263 s. sch., tab. 25 cm
Published: V Žiline Žilinská univerzita Edis 2016
ISBN:9788055411651
Edition:2. preprac. vyd.
Series:Vysokoškolské učebnice
Subjects:

MARC

LEADER 00000cam a2200000 a 4500
001 vtls011577534
003 SK-MaSNL
005 20260301183449.0
008 240318s2016 xo a e np 000 0dslo
015 |a SNBA2017/01 
020 |a 9788055411651  |q (viaz.) 
035 |a urn:nbn:sk:snk-am00dh6w 
035 |a urn:nbn:sk:snk-am3i24o 
035 |a A6A294E1-ACE8-4266-85D1-D57832B18839 
040 |a SNK  |b slo  |c SNK  |e AACR2 
041 0 |a slo 
044 |a xo  |c SK 
072 7 |a 005  |x Manažment. Riadenie  |2 konspekt 
072 7 |a 35  |x Verejná správa  |2 konspekt 
080 |a 005.931.1  |2 2011 
080 |a 005.93  |2 2011 
080 |a (075.8)  |2 2011 
100 1 |a Šimák, Ladislav,  |d 1952-  |4 aut  |9 135101 
245 1 0 |a Krízový manažment vo verejnej správe  |c Ladislav Šimák 
250 |a 2. preprac. vyd. 
260 |a V Žiline  |b Žilinská univerzita  |b Edis  |c 2016 
300 |a 263 s.  |b sch., tab.  |c 25 cm 
366 |e 200 výtlačkov 
490 1 |a Vysokoškolské učebnice 
500 |a Biografické údaje 
504 |a Bibliografia na strane 256-261 ; zoznam obrázkov a tabuliek 
650 0 7 |a krízový manažment  |2 SNKPH  |9 4171 
650 0 7 |a verejná správa  |2 SNKPH  |9 1538 
650 0 7 |a Crisis management  |2 SNKPHeng  |9 268286 
650 0 7 |a Public administration  |2 SNKPHeng  |9 266247 
655 7 |a učebnice vysokých škôl  |2 SNKPH  |9 70191 
655 7 |a Textbooks  |2 SNKPHeng  |9 276731 
810 2 |a Žilinská univerzita v Žiline  |t Vysokoškolské učebnice  |9 176451 
852 |a Štátna vedecká knižnica v Banskej Bystrici 
919 |a 978-80-554-1165-1 
958 |a NB 
999 |c 857092  |d 859022 
952 |a SNK  |b SNK  |y PREZ  |7 0  |p 17A1251380  |o snkSC 172657  |i snk2017/1323  |8 0  |0 0  |1 0  |4 0  |d 2017-01-17  |f 1  |l 0  |r 2025-09-10 00:00:00  |w 2026-02-24 
952 |a SNK  |b SNK  |y VYP  |7 0  |p 17A1251381  |o snkSC 172657 D1  |i snk2017/1324  |8 0  |0 0  |1 0  |4 0  |d 2017-01-17  |l 0  |r 2026-02-24 05:00:45  |w 2026-02-24